000 00554nam a2200169Ia 4500
999 _c20579
_d20579
003 OSt
005 20201113111524.0
008 190216s9999||||xx |||||||||||||| ||und||
040 _coclc
082 _a894.81209
_bKUR/N
100 _aKurup, K K N
_91879
_d1939- author.
245 0 _aNationalism And Social Change: The Role Of Malayalam Literature /
_cKKN Kurup
260 _bKerala Sahithya Academy,
_c1998.
_aThrissur:
300 _a142p
650 _aMalayalam Literature
942 _cBK
_2ddc
_h894.81209
_iKUR/N
_k894.81209
_mKUR/N